000 00523nam a2200193Ia 4500
005 20250508150718.0
008 008 250505s9999 xx 000 0 eng d
037 _aTextual
040 _aFEDL
_beng
_cFEDL
041 _aeng
_2eng
084 _a320.6, WAL
_qFEDL
100 _aWallas Graham
_9119395
245 0 _aHuman nature in politics
250 _a3rd
260 _aLondon, UK
_bConstable and Company Ltd.
_c1920
300 _axxii,302p.
942 _cTEXL
_h320.6, WAL
999 _c1325206
_d1325206